| 000 | 00432 a2200109 4500 | ||
|---|---|---|---|
| 001 | ART_15664 | ||
| 005 | 20260410161918.0 | ||
| 008 | 260409a | ||
| 245 | 1 | 0 | _aLa confianza en los estados contables y la auditoria como mecanismo para interpretarla |
| 100 | 1 | _aCanetti, Miguel Marcelo | |
| 773 | 0 |
_tDocumentos de trabajo de contabilidad, auditoría y responsabilidad social _g- Año 2, Nº 3 (jun. 2012) _wREV14385 |
|
| 999 |
_c27450 _d27450 |
||